00478nam a22001577a 450000500170000001000150001702000260003203500140005803700090007208200110008110000190009224500700011126000630018127000560024430000200030020250317152634.0 aENG-138350 c995.00a9788193922774 aEN-121883 bDBAD a305.23 aSingh, Agyajit aChildren with Diverse needs/cby Agyajit singh and Paramjit singh c2021bPsycho Information TechnologiesaDr. Mukherjee Nagar aB-6, Mukherjee tower, commercial ComplexbNew Delhi a292p.c22cm(hb)